<?xml version="1.0" encoding="UTF-8"?>
<record
    xmlns:xsi="http://www.w3.org/2001/XMLSchema-instance"
    xsi:schemaLocation="http://www.loc.gov/MARC21/slim http://www.loc.gov/standards/marcxml/schema/MARC21slim.xsd"
    xmlns="http://www.loc.gov/MARC21/slim">

  <leader>01256aam a2200241 a 4500</leader>
  <controlfield tag="003">AR-RoUNCS</controlfield>
  <controlfield tag="005">20260624151847.0</controlfield>
  <controlfield tag="007">ta</controlfield>
  <controlfield tag="008">151217s2014    ag     |r     00| j spa d</controlfield>
  <datafield tag="020" ind1=" " ind2=" ">
    <subfield code="a">978-987-07-2688-3</subfield>
  </datafield>
  <datafield tag="040" ind1=" " ind2=" ">
    <subfield code="a">AR-RoUNCS</subfield>
    <subfield code="b">spa</subfield>
    <subfield code="c">AR-RoUNCS</subfield>
  </datafield>
  <datafield tag="041" ind1=" " ind2=" ">
    <subfield code="a">spa</subfield>
  </datafield>
  <datafield tag="100" ind1="1" ind2=" ">
    <subfield code="a">Arlt, Roberto,</subfield>
    <subfield code="d">1900-1942</subfield>
    <subfield code="e">autor</subfield>
  </datafield>
  <datafield tag="245" ind1="1" ind2="3">
    <subfield code="a">El jorobadito : </subfield>
    <subfield code="b">y otros cuentos /</subfield>
    <subfield code="c">Arlt.</subfield>
  </datafield>
  <datafield tag="250" ind1=" " ind2=" ">
    <subfield code="a">1a ed.</subfield>
  </datafield>
  <datafield tag="260" ind1=" " ind2=" ">
    <subfield code="a">Buenos Aires : </subfield>
    <subfield code="b">Clar&#xED;n,</subfield>
    <subfield code="c">c2014.</subfield>
  </datafield>
  <datafield tag="300" ind1=" " ind2=" ">
    <subfield code="a">94 p. ;</subfield>
    <subfield code="c">18 cm.</subfield>
  </datafield>
  <datafield tag="505" ind1="0" ind2="0">
    <subfield code="t">El jorobadito --</subfield>
    <subfield code="t">Acu&#xE9;rdate de Azerbaijan --</subfield>
    <subfield code="t">Las fieras --</subfield>
    <subfield code="t">Viaje terrible.-</subfield>
  </datafield>
  <datafield tag="520" ind1="3" ind2=" ">
    <subfield code="a">La selecci&#xF3;n de este volumen muestra al cuentista en todo su esplendor. En "El jorobadito", uno de sus textos emblem&#xE1;ticos, un enano -Rigoletto- le permite al narrador escapar del compromiso amoroso, la familia y el bando "de los normales". En otros, como "Las fieras", hace un repaso de hombres que han sido maravillosos perdedores. "Acu&#xE9;rdate de Azerbaijan" es un peque&#xF1;o melodrama que narra la historia de una venganza. Y en "Viaje terrible", un relato que es casi una nouvelle, Arlt muestra su faceta fant&#xE1;stica como escapatoria de la opresi&#xF3;n urbana.</subfield>
  </datafield>
  <datafield tag="650" ind1=" " ind2="7">
    <subfield code="2">embne</subfield>
    <subfield code="a">Literatura argentina</subfield>
  </datafield>
  <datafield tag="655" ind1=" " ind2="7">
    <subfield code="a">Cuentos</subfield>
    <subfield code="2">embne</subfield>
  </datafield>
  <datafield tag="942" ind1=" " ind2=" ">
    <subfield code="2">udc</subfield>
    <subfield code="c">OG</subfield>
    <subfield code="n">0</subfield>
  </datafield>
  <datafield tag="999" ind1=" " ind2=" ">
    <subfield code="c">1057</subfield>
    <subfield code="d">1057</subfield>
  </datafield>
  <datafield tag="952" ind1=" " ind2=" ">
    <subfield code="0">0</subfield>
    <subfield code="1">0</subfield>
    <subfield code="2">udc</subfield>
    <subfield code="4">0</subfield>
    <subfield code="7">0</subfield>
    <subfield code="8">CG</subfield>
    <subfield code="a">ESOCIALES</subfield>
    <subfield code="b">ESOCIALES</subfield>
    <subfield code="d">2026-06-24</subfield>
    <subfield code="e">Donaci&#xF3;n 2023</subfield>
    <subfield code="l">0</subfield>
    <subfield code="o">82-32(82) AR725</subfield>
    <subfield code="p">000155</subfield>
    <subfield code="r">2026-06-24 15:20:04</subfield>
    <subfield code="w">2026-06-24</subfield>
    <subfield code="y">OG</subfield>
  </datafield>
</record>
